| 000 | 00806cam a22002531 4500 | ||
|---|---|---|---|
| 001 | agr41000351 | ||
| 003 | DLC | ||
| 005 | 20260227111000.0 | ||
| 008 | 801119s1940 ag ab s 000 0 spa c | ||
| 010 | _aagr41000351 | ||
| 035 | _a(OCoLC)6954883 | ||
| 040 |
_aU.S. Dept. of Agr. Library _cOCl _dOCoLC _dDLC |
||
| 042 | _apremarc | ||
| 050 | 0 | 0 |
_aHC175 _b.G357 1940 |
| 082 | _a330.982 | ||
| 100 | 2 | _aGarcía-Mata, Rafael. | |
| 245 | 0 | 0 |
_aArgentina económica, _cpor Rafael García-Mata y Emilio Llorens ... |
| 250 | _a2. ed. | ||
| 260 |
_aBuenos Aires, _bCompañía impresora argentina, s.a., _c1940. |
||
| 300 |
_a287, [1] p. incl. maps, tables, diagrs. _c24 cm. |
||
| 651 | 0 |
_aArgentina _xEconomic conditions _y1918- |
|
| 651 | 0 |
_aArgentina _vStatistics. |
|
| 700 | 1 |
_aLlorens, Emilio, _ejoint author. |
|
| 999 |
_c10116 _d10116 |
||